Structural adjustment and social emergency funds: the cases of Honduras, Mexico and Nicaragua /
Sin resumen
Guardado en:
| Hovedforfatter: | |
|---|---|
| Andre forfattere: | |
| Format: | Texto |
| Fag: | |
| Tags: |
Tilføj Tag
Ingen Tags, Vær først til at tagge denne postø!
|
MARC
| LEADER | 00000 a a2200000 04500 | ||
|---|---|---|---|
| 001 | 18651 | ||
| 003 | |||
| 040 | |||
| 100 | |a Benería, Lourdes | ||
| 245 | |a Structural adjustment and social emergency funds: |b the cases of Honduras, Mexico and Nicaragua / |c Lourdes Benería ; Breny Mendoza | ||
| 520 | |a Sin resumen | ||
| 650 | |a AJUSTE ESTRUCTURAL | ||
| 650 | |a CONSECUENCIAS SOCIALES | ||
| 650 | |a AYUDA ECONOMICA | ||
| 650 | |a ORGANIZACIONES NO GUBERNAMENTALES | ||
| 650 | |a COOPERACION INTERNACIONAL | ||
| 650 | |a BIENESTAR SOCIAL | ||
| 700 | |a Mendoza, Breny | ||
| 773 | |g volumen 7, número 1; páginas 53-76 | ||
| 999 | |c 36983 |d 36983 | ||
